000 13334cam a2202425 i 4500
999 _c8945
001 09d2c9zxxzkml4tx
003 LIBRIS
005 20200923161641.0
008 190714s2019 sw |||||||||||000 0|swe|d
020 _a9789144123684
_qhäftad
035 _a(BOKR)9789144123684
035 _a(OCoLC)1114161808
040 _aBOKR
_bswe
_dL
_dS
_ei
_erda
041 _aswe
082 0 4 _a616.890231
_223/swe
084 _aVlb
_2kssb/8
084 _aVpg
_2kssb/8
245 1 0 _aVårdande vid psykisk ohälsa :
_bpå avancerad nivå /
_cLena Wiklund Gustin (red.).
250 _aTredje upplagan
264 1 _aLund :
_bStudentlitteratur,
_c[2019]
264 3 _c2019
300 _a715 sidor
_billustrationer
_c25 cm
336 _atext
_btxt
_2rdacontent
337 _aunmediated
_bn
_2rdamedia
338 _avolume
_bnc
_2rdacarrier
541 _5Li
650 7 _aPsykiatrisk omvårdnad
_0https://id.kb.se/term/sao/Psykiatrisk%20omv%C3%A5rdnad
_2sao
650 2 _aPsychiatric Nursing
650 0 _aPsychiatric nursing
653 _aPsykiatrisk omvårdnad
653 _aPatientcentrerad vård
653 _aPsykisk ohälsa
700 1 _aWiklund Gustin, Lena,
_d1960-
_4edt
_0https://libris.kb.se/c9pszcww4h972kq#it
887 _a{"@id":"09d2c9zxxzkml4tx","modified":"2020-03-23T10:18:43.878+01:00","checksum":"104136628577"}
_2librisxl
887 _a{"@id":"1c8chq1tz8wf0cq0","modified":"2020-02-12T12:16:23.637+01:00","checksum":"149827184958"}
_2librisxl
887 _a{"@id":"7k77pw2h5xft5mwj","modified":"2019-12-12T15:16:18.609+01:00","checksum":"148607143488"}
_2librisxl
887 _a{"@id":"bn92tn1t8crwvv6b","modified":"2019-12-10T09:25:15.236+01:00","checksum":"143648140795"}
_2librisxl
887 _a{"@id":"z9zxgsmnwjxsjl45","modified":"2019-12-12T08:46:59.524+01:00","checksum":"140155653721"}
_2librisxl
887 _a{"@id":"p083h8f8m7mwwprw","modified":"2019-08-28T10:59:55.194+02:00","checksum":"102592658204"}
_2librisxl
887 _a{"@id":"bpb1k8jv802rw5dn","modified":"2020-08-27T15:16:37.752+02:00","checksum":"146192748006"}
_2librisxl
887 _a{"@id":"fqbxsslbcrq2wlb4","modified":"2019-11-21T12:16:28.186+01:00","checksum":"144498605288"}
_2librisxl
887 _a{"@id":"r2f9xks2p89jwzbr","modified":"2019-09-23T17:16:15.062+02:00","checksum":"151668060863"}
_2librisxl
887 _a{"@id":"hs8t3r83fswgg9pm","modified":"2020-01-13T10:16:16.476+01:00","checksum":"140150690682"}
_2librisxl
887 _a{"@id":"9lzfr1x573jfzq0s","modified":"2019-09-20T10:17:13.469+02:00","checksum":"143992319076"}
_2librisxl
887 _a{"@id":"p096ctpsmln8gl8s","modified":"2019-09-06T16:44:43.975+02:00","checksum":"147188519668"}
_2librisxl
887 _a{"@id":"htq2x23ffh1jvkmr","modified":"2020-02-14T11:16:21.026+01:00","checksum":"139604988450"}
_2librisxl
887 _a{"@id":"9md2ttc67157zlcs","modified":"2020-01-13T10:26:10.482+01:00","checksum":"150812367007"}
_2librisxl
887 _a{"@id":"4fqvjl622g7cc8vw","modified":"2019-09-08T14:16:15.617+02:00","checksum":"140873020792"}
_2librisxl
887 _a{"@id":"hs8hkqdgf46341ht","modified":"2020-04-03T15:31:53.441+02:00","checksum":"147573984757"}
_2librisxl
887 _a{"@id":"s3pxl3qcq65k1rzh","modified":"2019-11-18T12:55:57.611+01:00","checksum":"146253715526"}
_2librisxl
887 _a{"@id":"t4j8pqk2rh1xv0l0","modified":"2020-02-12T10:10:35.383+01:00","checksum":"144030277486"}
_2librisxl
887 _a{"@id":"z8p4cr2dwnsl92dc","modified":"2019-10-07T13:35:46.983+02:00","checksum":"140589570783"}
_2librisxl
887 _a{"@id":"z8mlfktbwgkqjz37","modified":"2019-09-24T15:30:25.622+02:00","checksum":"151159585591"}
_2librisxl
887 _a{"@id":"cnv5bhhr96jmlzgz","modified":"2019-08-14T17:16:17.845+02:00","checksum":"144980416105"}
_2librisxl
887 _a{"@id":"cpg75s239rz62lpm","modified":"2020-01-14T08:28:06.439+01:00","checksum":"144415635594"}
_2librisxl
887 _a{"@id":"7k7zbsx85g0gx4np","modified":"2019-12-18T17:16:23.799+01:00","checksum":"145766025129"}
_2librisxl
887 _a{"@id":"r4rqh7wfpkjz1899","modified":"2020-08-21T14:16:18.088+02:00","checksum":"143657963592"}
_2librisxl
887 _a{"@id":"q186mxnqnqkz22wl","modified":"2019-08-30T11:37:12.942+02:00","checksum":"141330683964"}
_2librisxl
887 _a{"@id":"q18kdzh2nv5w4tvl","modified":"2019-09-11T08:16:16.61+02:00","checksum":"84300724209"}
_2librisxl
887 _a{"@id":"fq7hgv0vcnqb4w42","modified":"2019-10-23T11:48:34.091+02:00","checksum":"146699519012"}
_2librisxl
887 _a{"@id":"9mqphqh070shlp01","modified":"2020-04-03T15:54:52.904+02:00","checksum":"140322716424"}
_2librisxl
887 _a{"@id":"09l5xsjcx3gj9z3c","modified":"2019-10-04T08:31:44.413+02:00","checksum":"142177889652"}
_2librisxl
887 _a{"@id":"1bm5hv3wz3mgwvtl","modified":"2019-09-03T13:18:13.505+02:00","checksum":"142474879770"}
_2librisxl
887 _a{"@id":"nz9rzztblcmwq7bc","modified":"2019-09-11T15:48:33.984+02:00","checksum":"150556728003"}
_2librisxl
887 _a{"@id":"nz65p96nlwdlg93n","modified":"2019-08-20T15:35:13.285+02:00","checksum":"143788049677"}
_2librisxl
887 _a{"@id":"mx45msksk9hvmpmd","modified":"2019-08-22T13:23:01.228+02:00","checksum":"143527334244"}
_2librisxl
887 _a{"@id":"09jljglbxpt0wlrx","modified":"2019-08-21T15:10:30.396+02:00","checksum":"143949624935"}
_2librisxl
887 _a{"@id":"5gpvlt5h3q95sq29","modified":"2019-08-22T10:47:26.17+02:00","checksum":"150890171001"}
_2librisxl
887 _a{"@id":"bmv1rxrg8vrk3sxb","modified":"2019-08-22T10:46:43.694+02:00","checksum":"144072549148"}
_2librisxl
887 _a{"@id":"w6jnprshtfpzrt03","modified":"2019-09-17T10:19:02.732+02:00","checksum":"100658002053"}
_2librisxl
887 _a{"@id":"r2dvvtlwps1knz0q","modified":"2019-09-11T14:24:42.508+02:00","checksum":"100875667155"}
_2librisxl
887 _a{"@id":"7jsvwgmb5261zcsn","modified":"2019-08-30T09:16:15.762+02:00","checksum":"146787524096"}
_2librisxl
887 _a{"@id":"jtb6kvfbg4652q5d","modified":"2019-10-28T12:16:20.9+01:00","checksum":"146325297661"}
_2librisxl
887 _a{"@id":"q194kjq8n2qxfwz2","modified":"2019-08-28T11:16:14.368+02:00","checksum":"143504113140"}
_2librisxl
887 _a{"@id":"lw6qjs5xjp39998z","modified":"2019-09-03T09:33:53.477+02:00","checksum":"153183679582"}
_2librisxl
887 _a{"@id":"r2b556n8pf3cd0sz","modified":"2019-08-28T08:16:11.638+02:00","checksum":"137711452867"}
_2librisxl
887 _a{"@id":"mxbzrlbtkc0jgdbj","modified":"2019-09-30T10:51:47.965+02:00","checksum":"97885628539"}
_2librisxl
887 _a{"@id":"s46zm6g4qnpssr3r","modified":"2020-03-24T09:26:08.189+01:00","checksum":"143760811744"}
_2librisxl
887 _a{"@id":"bnggh4gt8kd53kg1","modified":"2020-01-16T10:16:17.923+01:00","checksum":"136205555715"}
_2librisxl
887 _a{"@id":"8ks0dv5m6mr6c6hs","modified":"2019-08-22T15:30:26.504+02:00","checksum":"97771546316"}
_2librisxl
887 _a{"@id":"w6hwp18htzgxgb9t","modified":"2019-09-02T12:23:54.328+02:00","checksum":"146715850956"}
_2librisxl
887 _a{"@id":"t475xdm8rg6sdsmx","modified":"2019-08-29T12:42:52.497+02:00","checksum":"143460082416"}
_2librisxl
887 _a{"@id":"fq3ctwzgcs3wdtlc","modified":"2019-10-08T13:05:48.973+02:00","checksum":"146868458757"}
_2librisxl
887 _a{"@id":"s44l41bvq10lcllg","modified":"2020-03-12T17:16:19.347+01:00","checksum":"147678375823"}
_2librisxl
887 _a{"@id":"cpz3mdhp9tknb3w6","modified":"2020-05-18T16:16:26.774+02:00","checksum":"152595153894"}
_2librisxl
887 _a{"@id":"t4hg25p9rdrp53gr","modified":"2019-09-24T13:52:19.709+02:00","checksum":"155531098335"}
_2librisxl
887 _a{"@id":"r29r9ldzp2bg90h8","modified":"2019-08-16T13:45:28.169+02:00","checksum":"149985202137"}
_2librisxl
887 _a{"@id":"q1mczpd1nkhw6pq9","modified":"2020-01-04T12:44:49.582+01:00","checksum":"142837685466"}
_2librisxl
887 _a{"@id":"w6dmj1xttkvgjsl3","modified":"2019-08-14T08:16:14.741+02:00","checksum":"145172776392"}
_2librisxl
900 1 s _6700
_d1960-
_uWiklund Gustin, Lena,
_d1960-
900 1 s _6700
_d1960-
_uWiklund Gustin, Lena,
_d1960-
900 1 s _6700
_d1960-
_uWiklund Gustin, Lena,
_d1960-
942 _2z
_cBOOK